000 00802nam a22002297a 4500
999 _c160925
_d160925
005 20190816105234.0
010 _a1819CHEN B-718125-145
020 _a9788188951956
_c120.00
035 _aB-718125-145
035 _aB-728595
037 _bPansy Books
082 _aS
100 _aTagore, Rabindranath
245 _aCollected stories /
_cby Rabindranath Tagore
260 _aNew Delhi
_bPigeon Books
_c2018(repr.)
270 _a16, Ansari Road, Darya Ganj
_bNew Delhi
_e110002
300 _a176p.
_c18cm(pbk)
500 _aAirport
942 _2ddc
_cCH
_hS
_mTAG